[Event "EU-ch Amateur Online Final 2000/2300"]
[Site "Tornelo INT"]
[Date "2021.04.28"]
[Round "8"]
[White "Ladopoulos, Dimitrios"]
[Black "Ibba, Isacco"]
[Result "1-0"]
[WhiteElo "2294"]
[BlackElo "2208"]
[PlyCount "27"]
[EventDate "2021.04.28"]
[EventType "swiss (rapid)"]
[EventRounds "9"]
[EventCountry "NET"]
[SourceTitle "EXT 2023"]
[Source "ChessBase"]
[SourceDate "2022.10.05"]
[SourceVersion "1"]
[SourceVersionDate "2022.10.05"]
[SourceQuality "1"]

1. Nf3 d5 2. d4 Nf6 3. c4 e6 4. Nc3 c6 5. e3 Nbd7 6. Qc2 Bd6 7. b3 0-0 8. Bd3 Re8 9. 0-0 dxc4 10. bxc4 e5 11. Ng5 exd4 12. Bxh7+ Kf8 13. exd4 Bxh2+ 14. Kxh2 1-0

[Event "World Amateur-ch U2300"]
[Site "Cagliari"]
[Date "2018.04.27"]
[Round "7"]
[White "Gunbayar, Myagmarsuren"]
[Black "Ibba, Isacco"]
[Result "1-0"]
[WhiteElo "2265"]
[BlackElo "2209"]
[PlyCount "111"]
[EventDate "2018.04.22"]
[EventType "swiss"]
[EventRounds "9"]
[EventCountry "ITA"]
[SourceTitle "CBM 184 Extra"]
[Source "ChessBase"]
[SourceDate "2018.06.28"]
[SourceVersion "1"]
[SourceVersionDate "2018.06.28"]
[SourceQuality "1"]

1. e4 Nf6 2. e5 Nd5 3. d4 d6 4. exd6 cxd6 5. Nf3 g6 6. Be2 Bg7 7. 0-0 0-0 8. c4 Nb6 9. Nc3 Bg4 10. h3 Bxf3 11. Bxf3 Nc6 12. Bxc6 bxc6 13. Qd3 d5 14. c5 Nd7 15. b4 e5 16. Be3 a6 17. f4 exf4 18. Bxf4 Re8 19. a4 Nf8 20. Bd6 Ne6 21. Ne2 Qh4 22. Rad1 Bh6 23. Be5 Ng7 24. Qg3 Qe7 25. Nc3 Nh5 26. Qd3 f6 27. Bd6 Qe3+ 28. Kh2 f5 29. b5 axb5 30. axb5 cxb5 31. Qxe3 Rxe3 32. Nxd5 Re2 33. Ra1 Rae8 34. Ra7 Bg7 35. Rd1 Rc2 36. Ne7+ Kh8 37. c6 Bf6 38. d5 f4 39. Rd3 Ng3 40. Bxf4 Nf1+ 41. Kg1 Bxe7 42. d6 Bh4 43. Rf3 Kg8 44. d7 Re1 45. Rxf1 Rxf1+ 46. Kxf1 Rxc6 47. g3 Be7 48. Ra8+ Kf7 49. d8Q Bxd8 50. Rxd8 Ke6 51. Rb8 Rc5 52. Kf2 Kd5 53. Rb7 h5 54. Rc7 Rxc7 55. Bxc7 b4 56. Bd8 1-0

[Event "Sardegna Region-ch"]
[Site "Capoterra"]
[Date "2012.05.19"]
[Round "1"]
[White "Ibba, Isacco"]
[Black "Corona, Rafaele"]
[Result "1-0"]
[WhiteElo "2207"]
[BlackElo "1620"]
[PlyCount "45"]
[EventDate "2012.05.19"]
[EventType "swiss"]
[EventRounds "6"]
[EventCountry "ITA"]
[SourceTitle "EXT 2014"]
[Source "ChessBase"]
[SourceDate "2013.11.20"]
[SourceVersion "1"]
[SourceVersionDate "2013.11.20"]
[SourceQuality "1"]

1. d4 d5 2. Nf3 e6 3. c4 c6 4. Nc3 Bd6 5. e4 dxe4 6. Nxe4 Bc7 7. Bd3 Ne7 8. 0-0 0-0 9. Re1 Nf5 10. Qe2 Nxd4 11. Nxd4 Qxd4 12. Be3 Qd8 13. Rad1 Nd7 14. Qh5 e5 15. Bg5 f6 16. Nxf6+ Rxf6 17. Bxh7+ Kf8 18. Bg6 Bb6 19. c5 Bxc5 20. Qh8+ Ke7 21. Bxf6+ gxf6 22. Qg7+ Ke6 23. Qf7# 1-0

[Event "Alghero op 1st"]
[Site "Alghero"]
[Date "2011.09.03"]
[Round "9"]
[White "Ori, Marco"]
[Black "Ibba, Isacco"]
[Result "1/2-1/2"]
[WhiteElo "2130"]
[BlackElo "2191"]
[PlyCount "28"]
[EventDate "2011.08.26"]
[EventType "swiss"]
[EventRounds "9"]
[EventCountry "ITA"]
[SourceTitle "CBM 144 Extra"]
[Source "ChessBase"]
[SourceDate "2011.10.28"]
[SourceVersion "1"]
[SourceVersionDate "2011.10.28"]
[SourceQuality "1"]

1. e4 d5 2. exd5 Nf6 3. d4 Bg4 4. Be2 Bxe2 5. Qxe2 Qxd5 6. Nf3 Nc6 7. c4 Qe4 8. Nc3 Qxe2+ 9. Kxe2 e6 10. Bf4 Bd6 11. Bg5 Be7 12. Rhd1 0-0-0 13. h3 h6 14. Be3 Bb4 1/2-1/2

[Event "Torre delle Stelle op 1st"]
[Site "Sinnai"]
[Date "2011.06.26"]
[Round "7"]
[White "Bonugli, Carlo"]
[Black "Ibba, Isacco"]
[Result "1-0"]
[WhiteElo "2047"]
[BlackElo "2187"]
[PlyCount "91"]
[EventDate "2011.06.22"]
[EventType "swiss"]
[EventRounds "7"]
[EventCountry "ITA"]
[SourceTitle "EXT 2023"]
[Source "ChessBase"]
[SourceDate "2022.10.05"]
[SourceVersion "1"]
[SourceVersionDate "2022.10.05"]
[SourceQuality "1"]

1. e4 Nf6 2. e5 Nd5 3. d4 d6 4. c4 Nb6 5. exd6 cxd6 6. Nc3 g6 7. Nf3 Bg7 8. Be2 0-0 9. 0-0 Nc6 10. b3 Bg4 11. Be3 e6 12. Qd2 d5 13. c5 Nc8 14. b4 a6 15. Rab1 N8e7 16. h3 Bxf3 17. Bxf3 Nf5 18. Ne2 Nh4 19. Bg4 f5 20. Bg5 Bf6 21. Bxh4 Bxh4 22. Bf3 Bg5 23. Qd3 Qf6 24. a4 Bh6 25. Rfd1 Rfd8 26. Rb3 Bg7 27. Qc3 Qf7 28. Qe3 Kh8 29. b5 axb5 30. axb5 Nxd4 31. Nxd4 e5 32. Rdb1 exd4 33. Qd3 Qc7 34. Rc1 Qf4 35. Rbb1 Ra2 36. c6 Rd2 37. Qb3 d3 38. c7 Rc8 39. Qxd5 Be5 40. g3 Qd4 41. Qxd4 Bxd4 42. Bxb7 Bb2 43. Bxc8 Bxc1 44. Rxc1 Rc2 45. Rd1 Rxc7 46. Ba6 1-0

[Event "Torre delle Stelle op 1st"]
[Site "Sinnai"]
[Date "2011.06.24"]
[Round "4"]
[White "Ibba, Isacco"]
[Black "Ciobanu, Camelia Adriana"]
[Result "1/2-1/2"]
[WhiteElo "2187"]
[BlackElo "2216"]
[PlyCount "150"]
[EventDate "2011.06.22"]
[EventType "swiss"]
[EventRounds "7"]
[EventCountry "ITA"]
[SourceTitle "EXT 2023"]
[Source "ChessBase"]
[SourceDate "2022.10.05"]
[SourceVersion "1"]
[SourceVersionDate "2022.10.05"]
[SourceQuality "1"]

1. d4 Nf6 2. Bg5 c5 3. dxc5 Qa5+ 4. Qd2 Qxc5 5. Nc3 d6 6. e4 a6 7. Be3 Qc7 8. Nd5 Nxd5 9. exd5 Bf5 10. Ne2 Nd7 11. Nd4 Bg6 12. c4 Nf6 13. f4 Be4 14. Rc1 g6 15. Bd3 Bg7 16. 0-0 0-0 17. Be2 Qd7 18. f5 gxf5 19. Bh6 Bxh6 20. Qxh6 Kh8 21. Bf3 Ng4 22. Bxg4 fxg4 23. Rf4 f5 24. Ne6 Rg8 25. Rxe4 fxe4 26. Rf1 Qe8 27. Nc7 Qg6 28. Qxg6 hxg6 29. Nxa8 Rxa8 30. Re1 g3 31. hxg3 Kg7 32. Rxe4 Kf7 33. Kf2 Rh8 34. Rh4 Rc8 35. Ke3 Rc7 36. Rf4+ Kg7 37. Kd4 b5 38. b3 bxc4 39. bxc4 Rb7 40. Rf2 Rb1 41. Kc3 g5 42. Rb2 Rc1+ 43. Kb4 Kf6 44. Re2 Kf7 45. a4 Kf6 46. Re6+ Kf7 47. Re4 Rc2 48. Ka5 Ra2 49. Re3 Kf6 50. Re6+ Kf7 51. Re3 Kf6 52. g4 Ra1 53. Re6+ Kf7 54. Re4 Ra2 55. Re3 Kf6 56. Rf3+ Ke5 57. Rf5+ Kd4 58. Rxg5 Kxc4 59. Rf5 Rxg2 60. Kxa6 Rxg4 61. Kb6 Rg1 62. Kc6 Kb4 63. Rf7 Rc1+ 64. Kd7 Kc5 65. Rxe7 Kxd5 66. a5 Rc6 67. Rh7 Ra6 68. Rh5+ Kc4 69. Rh4+ Kc5 70. Ke6 d5+ 71. Ke5 Rxa5 72. Rd4 Kc6 73. Rd1 Ra2 74. Rc1+ Kb5 75. Kxd5 Rd2+ 1/2-1/2

[Event "Torre delle Stelle op 1st"]
[Site "Sinnai"]
[Date "2011.06.22"]
[Round "1"]
[White "Paulesu, Sebastiano"]
[Black "Ibba, Isacco"]
[Result "0-1"]
[WhiteElo "1926"]
[BlackElo "2187"]
[PlyCount "66"]
[EventDate "2011.06.22"]
[EventType "swiss"]
[EventRounds "7"]
[EventCountry "ITA"]
[SourceTitle "EXT 2023"]
[Source "ChessBase"]
[SourceDate "2022.10.05"]
[SourceVersion "1"]
[SourceVersionDate "2022.10.05"]
[SourceQuality "1"]

1. Nf3 d5 2. b4 Qd6 3. a3 e5 4. Bb2 f6 5. e3 Be6 6. d3 Ne7 7. Nbd2 g6 8. c4 c6 9. Be2 Bg7 10. Rc1 0-0 11. Rc2 Nd7 12. 0-0 h6 13. Re1 f5 14. Nf1 g5 15. Qb1 Ng6 16. Rec1 g4 17. N3d2 f4 18. cxd5 cxd5 19. e4 d4 20. f3 g3 21. hxg3 fxg3 22. Nxg3 Nf4 23. Bf1 Qe7 24. Rc7 Qg5 25. Nf5 Nh3+ 26. Kh1 Nf2+ 27. Kg1 Bxf5 28. exf5 Qe3 29. Nc4 Nh3+ 30. Kh2 Qg1+ 31. Kxh3 Rxf5 32. Rxd7 Rh5+ 33. Kg3 Rg5+ 0-1

[Event "Sardegna Region-ch"]
[Site "Sardara"]
[Date "2011.05.22"]
[Round "3"]
[White "Camboni, Paolo"]
[Black "Ibba, Isacco"]
[Result "0-1"]
[WhiteElo "1875"]
[BlackElo "2187"]
[PlyCount "74"]
[EventDate "2011.05.23"]
[EventType "swiss"]
[EventRounds "8"]
[EventCountry "ITA"]
[SourceTitle "EXT 2023"]
[Source "ChessBase"]
[SourceDate "2022.10.05"]
[SourceVersion "1"]
[SourceVersionDate "2022.10.05"]
[SourceQuality "1"]

1. d4 d5 2. Bg5 Bf5 3. e3 Qd6 4. Nc3 c6 5. Bd3 Bxd3 6. Qxd3 f6 7. Bh4 e5 8. dxe5 fxe5 9. 0-0-0 Nf6 10. Bxf6 gxf6 11. Qf5 Nd7 12. Qh5+ Kd8 13. Nf3 Qe6 14. e4 d4 15. Rd3 Kc7 16. Rhd1 Nc5 17. Rxd4 exd4 18. Nxd4 Qe5 19. Qf7+ Be7 20. b4 Raf8 21. Qc4 Na6 22. Nxc6 bxc6 23. Qxa6 Rb8 24. Qxa7+ Rb7 25. Rd7+ Kxd7 26. Qxb7+ Qc7 27. Qxc7+ Kxc7 28. a3 Ra8 29. Kb2 Bd6 30. Ne2 Re8 31. f3 Bxh2 32. c4 h5 33. a4 f5 34. Nc3 Be5 35. exf5 h4 36. Kc2 Bxc3 37. Kxc3 Rf8 0-1

[Event "Sardegna Region-ch"]
[Site "Sardara"]
[Date "2010.04.24"]
[Round "5"]
[White "Neri, Enzo"]
[Black "Ibba, Isacco"]
[Result "0-1"]
[WhiteElo "2059"]
[BlackElo "2204"]
[PlyCount "52"]
[EventDate "2010.04.17"]
[EventType "swiss"]
[EventRounds "8"]
[EventCountry "ITA"]
[SourceTitle "EXT 2024"]
[Source "ChessBase"]
[SourceDate "2023.10.10"]
[SourceVersion "1"]
[SourceVersionDate "2023.10.10"]
[SourceQuality "1"]

1. d4 d5 2. Nf3 e6 3. c4 c6 4. Nc3 Nf6 5. Bg5 dxc4 6. e4 b5 7. a4 Bb4 8. e5 h6 9. Bh4 g5 10. Nxg5 Nd5 11. Qh5 hxg5 12. Qxh8+ Bf8 13. Bg3 Qa5 14. Rc1 Qb4 15. Kd2 Qxb2+ 16. Rc2 Qb4 17. axb5 Nxc3 18. Rxc3 Qb2+ 19. Rc2 Qxd4+ 20. Kc1 cxb5 21. Kb1 Bb7 22. f3 Qd1+ 23. Kb2 Nc6 24. Bxc4 Qd4+ 25. Kb1 bxc4 26. Bf2 Qd3 0-1

[Event "Porto Mannu op"]
[Site "Porto Mannu"]
[Date "2008.05.18"]
[Round "2"]
[White "Ibba, Isacco"]
[Black "Kekki, Petri"]
[Result "1/2-1/2"]
[WhiteElo "2222"]
[BlackElo "2411"]
[PlyCount "65"]
[EventDate "2008.05.17"]
[EventType "swiss"]
[EventRounds "9"]
[EventCountry "ITA"]
[SourceTitle "CBM 124 Extra"]
[Source "ChessBase"]
[SourceDate "2008.07.03"]
[SourceVersion "1"]
[SourceVersionDate "2008.07.03"]
[SourceQuality "1"]

1. d3 d5 2. f4 Nc6 3. Nf3 Bg4 4. g3 Bxf3 5. exf3 e6 6. Bh3 Qf6 7. c3 Bd6 8. d4 Nge7 9. Nd2 Bxf4 10. 0-0 Be3+ 11. Kh1 Qh6 12. Kg2 g5 13. Qe2 Bxd2 14. Bxd2 0-0-0 15. f4 g4 16. Bxg4 f5 17. Bf3 Rd6 18. b4 Ng8 19. a4 Nf6 20. a5 Ne4 21. b5 Nd8 22. Bxe4 dxe4 23. c4 Rg8 24. Be3 Qg7 25. c5 Rd5 26. Rfc1 Kb8 27. Qc4 Qg4 28. Rf1 h5 29. a6 h4 30. axb7 Nxb7 31. Qa2 Kc8 32. Qxa7 hxg3 33. Ra2 1/2-1/2

[Event "Porto Mannu op"]
[Site "Porto Mannu"]
[Date "2008.05.17"]
[Round "1"]
[White "Djuric, Stefan"]
[Black "Ibba, Isacco"]
[Result "1/2-1/2"]
[WhiteElo "2460"]
[BlackElo "2222"]
[PlyCount "81"]
[EventDate "2008.05.17"]
[EventType "swiss"]
[EventRounds "9"]
[EventCountry "ITA"]
[SourceTitle "CBM 124 Extra"]
[Source "ChessBase"]
[SourceDate "2008.07.03"]
[SourceVersion "1"]
[SourceVersionDate "2008.07.03"]
[SourceQuality "1"]

1. Nf3 d5 2. c4 e6 3. g3 Nf6 4. Bg2 c6 5. d4 Bd6 6. Nc3 Nbd7 7. Nd2 0-0 8. 0-0 Re8 9. e4 dxe4 10. Ndxe4 Nxe4 11. Nxe4 Bc7 12. Bg5 f6 13. Be3 Qe7 14. d5 cxd5 15. cxd5 Bb6 16. dxe6 Nc5 17. Bxc5 Bxc5 18. Qh5 Bd4 19. Nd6 g6 20. Qb5 Rd8 21. Nxc8 Raxc8 22. Rae1 Rc2 23. Qxb7 Kf8 24. b3 Rxa2 25. Qc6 Bb6 26. Bd5 Rd6 27. Qc8+ Rd8 28. Qc4 Rd2 29. Bf3 R8d4 30. Qb5 Rd6 31. Re4 Rxe6 32. Rc4 Re1 33. Rc1 Rxf1+ 34. Rxf1 Rxf2 35. Rxf2 Qe1+ 36. Qf1 Bxf2+ 37. Kg2 Qxf1+ 38. Kxf1 Bb6 39. b4 Kg7 40. b5 h5 41. h4 1/2-1/2

[Event "Rome op"]
[Site "Rome"]
[Date "2007.11.02"]
[Round "6"]
[White "Ibba, Isacco"]
[Black "Caprio, Guido"]
[Result "1-0"]
[WhiteElo "2202"]
[BlackElo "2071"]
[PlyCount "47"]
[EventDate "2007.10.29"]
[EventType "swiss"]
[EventRounds "9"]
[EventCountry "ITA"]
[SourceTitle "EXT 2009"]
[Source "ChessBase"]
[SourceDate "2008.11.26"]
[SourceVersion "1"]
[SourceVersionDate "2008.11.26"]
[SourceQuality "1"]

1. d4 Nf6 2. Nc3 d5 3. Bg5 c5 4. e3 Nc6 5. Bxf6 gxf6 6. Qh5 e6 7. 0-0-0 cxd4 8. exd4 Bb4 9. Nge2 Qb6 10. a3 Be7 11. Nf4 Bd7 12. Bb5 a6 13. Nfxd5 exd5 14. Nxd5 Qd8 15. Rhe1 Be6 16. Rxe6 Qxd5 17. Rxe7+ Kxe7 18. Qxd5 axb5 19. Re1+ Kf8 20. Qd6+ Kg7 21. Re3 Rhg8 22. Rg3+ Kh6 23. Qxf6+ Rg6 24. Rh3# 1-0

[Event "Porto Mannu op"]
[Site "Porto Mannu"]
[Date "2007.05.26"]
[Round "9"]
[White "Simone, Marco"]
[Black "Ibba, Isacco"]
[Result "0-1"]
[WhiteElo "1885"]
[BlackElo "2203"]
[PlyCount "46"]
[EventDate "2007.05.19"]
[EventType "swiss"]
[EventRounds "9"]
[EventCountry "ITA"]
[SourceTitle "CBM 118 Extra"]
[Source "ChessBase"]
[SourceDate "2007.07.04"]
[SourceVersion "1"]
[SourceVersionDate "2007.07.04"]
[SourceQuality "1"]

1. e4 Nf6 2. e5 Nd5 3. d4 d6 4. Nf3 g6 5. Bc4 Nb6 6. Bb3 Bg7 7. 0-0 0-0 8. Bf4 Nc6 9. Qd2 Bg4 10. exd6 cxd6 11. Ng5 Nxd4 12. Nc3 Nxb3 13. axb3 f6 14. Nge4 d5 15. Nc5 e5 16. Bh6 Qe7 17. Bxg7 Kxg7 18. N5a4 Nxa4 19. Nxd5 Rfd8 20. bxa4 Be6 21. c4 Qc5 22. Rfd1 Qxc4 23. Rac1 Qxd5 0-1

[Event "Porto Mannu op"]
[Site "Porto Mannu"]
[Date "2007.05.25"]
[Round "8"]
[White "Ibba, Isacco"]
[Black "Garofalo, Sergio"]
[Result "1-0"]
[WhiteElo "2203"]
[BlackElo "1812"]
[PlyCount "55"]
[EventDate "2007.05.19"]
[EventType "swiss"]
[EventRounds "9"]
[EventCountry "ITA"]
[SourceTitle "CBM 118 Extra"]
[Source "ChessBase"]
[SourceDate "2007.07.04"]
[SourceVersion "1"]
[SourceVersionDate "2007.07.04"]
[SourceQuality "1"]

1. e4 e5 2. f4 exf4 3. Bc4 d5 4. Bxd5 Be7 5. Nf3 Nf6 6. Nc3 Nxd5 7. Nxd5 Bh4+ 8. Kf1 Bg4 9. Nxf4 g5 10. Nd5 f5 11. Ne3 fxe4 12. Nxg4 exf3 13. g3 0-0 14. gxh4 Qd7 15. Nf2 Nc6 16. Rg1 Rae8 17. Rxg5+ Kh8 18. b3 Nd4 19. Bb2 Re4 20. Nxe4 Qh3+ 21. Kg1 c5 22. Nf2 Qxh4 23. Rg4 Qf6 24. Bxd4 cxd4 25. Qf1 d3 26. Re1 dxc2 27. Qc4 h5 28. Rg3 1-0

[Event "Porto Mannu op"]
[Site "Porto Mannu"]
[Date "2007.05.22"]
[Round "4"]
[White "Ibba, Isacco"]
[Black "Doggers, Peter"]
[Result "1/2-1/2"]
[WhiteElo "2203"]
[BlackElo "2247"]
[PlyCount "129"]
[EventDate "2007.05.19"]
[EventType "swiss"]
[EventRounds "9"]
[EventCountry "ITA"]
[SourceTitle "CBM 118 Extra"]
[Source "ChessBase"]
[SourceDate "2007.07.04"]
[SourceVersion "1"]
[SourceVersionDate "2007.07.04"]
[SourceQuality "1"]

1. e4 e5 2. f4 exf4 3. Bc4 Nf6 4. Qe2 d5 5. exd5+ Be7 6. Nf3 0-0 7. 0-0 Re8 8. d4 Bd6 9. Qd3 Nbd7 10. Bb3 b5 11. Nc3 a6 12. Ng5 h6 13. Ne6 Qe7 14. Bxf4 fxe6 15. dxe6 Nf8 16. Bxd6 cxd6 17. Rxf6 gxf6 18. Nd5 Qg7 19. e7 Ne6 20. Nc7 Rxe7 21. Nxa8 Bb7 22. Qh3 Kh8 23. Bxe6 Rxe6 24. Kf1 f5 25. Nb6 Qxd4 26. Qc3 Qxc3 27. bxc3 Kg7 28. Rd1 Rg6 29. Nd5 Kf7 30. Nf4 Rg4 31. g3 Ke7 32. Kf2 Be4 33. Rd2 Rg8 34. Nd5+ Bxd5 35. Rxd5 Rc8 36. Rxf5 Rxc3 37. Rh5 Rxc2+ 38. Ke3 Rxa2 39. Rxh6 b4 40. Kd3 d5 41. h4 a5 42. h5 Ra3+ 43. Kd4 Rxg3 44. Ra6 Ra3 45. Ra7+ Kf8 46. Kxd5 Rh3 47. h6 Rxh6 48. Kc4 Rh5 49. Kb3 Ke8 50. Ka4 Kd8 51. Rg7 Kc8 52. Rf7 Rc5 53. Rh7 Rc7 54. Rh8+ Kd7 55. Kxa5 b3 56. Rb8 Ra7+ 57. Kb4 Kc7 58. Rb5 Kc6 59. Rc5+ Kd6 60. Rc1 Rb7+ 61. Kc3 Rc7+ 62. Kb2 Rxc1 63. Kxc1 Kc5 64. Kb2 Kc4 65. Kb1 1/2-1/2

[Event "Porto Mannu op"]
[Site "Porto Mannu"]
[Date "2007.05.20"]
[Round "2"]
[White "Ibba, Isacco"]
[Black "Aagaard, Jacob"]
[Result "0-1"]
[WhiteElo "2203"]
[BlackElo "2477"]
[PlyCount "66"]
[EventDate "2007.05.19"]
[EventType "swiss"]
[EventRounds "9"]
[EventCountry "ITA"]
[SourceTitle "CBM 118 Extra"]
[Source "ChessBase"]
[SourceDate "2007.07.04"]
[SourceVersion "1"]
[SourceVersionDate "2007.07.04"]
[SourceQuality "1"]

1. d3 d5 2. f4 Nc6 3. Nf3 Bg4 4. g3 Bxf3 5. exf3 d4 6. Bh3 g6 7. 0-0 e6 8. c3 Qd7 9. Re1 Bd6 10. Nd2 dxc3 11. Ne4 c2 12. Qxc2 0-0-0 13. Be3 Nh6 14. Qa4 a6 15. Nf6 Qe7 16. Nd5 Qf8 17. Rec1 Nf5 18. Bxf5 gxf5 19. Rxc6 exd5 20. Rac1 bxc6 21. Qxa6+ Kd7 22. Qxc6+ Ke7 23. Bd4 f6 24. Qxd5 Qf7 25. Re1+ Kf8 26. Qxf5 Rg8 27. g4 Be7 28. Bc3 Rd5 29. Qe4 f5 30. Qc4 fxg4 31. Rxe7 Qxe7 32. Qxd5 gxf3+ 33. Kh1 Rg1+ 0-1

[Event "Perla del Sarcidano op 2nd"]
[Site "Laconi"]
[Date "2006.08.08"]
[Round "6"]
[White "Ljubisavljevic, Zivojin Z"]
[Black "Ibba, Isacco"]
[Result "1-0"]
[WhiteElo "2290"]
[BlackElo "2177"]
[PlyCount "101"]
[EventDate "2006.08.05"]
[EventType "swiss"]
[EventRounds "4"]
[EventCountry "ITA"]
[SourceTitle "EXT 2024"]
[Source "ChessBase"]
[SourceDate "2023.10.10"]
[SourceVersion "1"]
[SourceVersionDate "2023.10.10"]
[SourceQuality "1"]

1. e4 d5 2. exd5 Qxd5 3. Nc3 Qa5 4. d4 Nf6 5. Bc4 Bf5 6. Nge2 e6 7. 0-0 Be7 8. Bb3 c6 9. Bd2 0-0 10. Nd5 Qd8 11. Nxe7+ Qxe7 12. Ng3 Bg6 13. f4 Na6 14. Qe2 Qd7 15. c3 c5 16. Be3 h5 17. d5 Nxd5 18. f5 exf5 19. Rad1 Nac7 20. Bxc5 Rfe8 21. Qf3 Qc6 22. Bd4 Ne7 23. Qf4 Ne6 24. Qh4 f4 25. Rxf4 Nxf4 26. Qxf4 h4 27. Rf1 Nd5 28. Qxh4 Ne3 29. Rf2 Nf5 30. Rxf5 Bxf5 31. Nxf5 Qg6 32. Ne7+ Rxe7 33. Qxe7 Qb1+ 34. Kf2 Qf5+ 35. Ke2 Rf8 36. h3 Qb5+ 37. Kf2 Qf5+ 38. Kg1 b6 39. Qe2 Qf4 40. Qf2 Qg5 41. Kh2 Qg6 42. Qg3 Qh6 43. Qe5 Qg6 44. Bd5 Kh8 45. c4 f6 46. Qe7 Re8 47. Qxa7 Qf5 48. Qc7 Kh7 49. Qg3 g5 50. Qf3 Qd7 51. Qh5+ 1-0

[Event "Sardegna Reg-ch"]
[Site "Cagliari"]
[Date "2006.02.26"]
[Round "6"]
[White "Basciu, Simone"]
[Black "Ibba, Isacco"]
[Result "0-1"]
[WhiteElo "2176"]
[BlackElo "2176"]
[PlyCount "116"]
[EventDate "2006.02.18"]
[EventType "swiss"]
[EventRounds "7"]
[EventCountry "ITA"]
[SourceTitle "EXT 2007"]
[Source "ChessBase"]
[SourceDate "2006.11.23"]
[SourceVersion "1"]
[SourceVersionDate "2006.11.23"]
[SourceQuality "1"]

1. d4 d5 2. Nf3 Nf6 3. c4 e6 4. Nc3 c6 5. e3 Nbd7 6. Qc2 Bd6 7. Bd3 0-0 8. 0-0 dxc4 9. Bxc4 b5 10. Bd3 Bb7 11. e4 e5 12. h3 a6 13. Bg5 h6 14. Bh4 c5 15. dxc5 Nxc5 16. a3 g5 17. Bg3 Nh5 18. Bxe5 Bxe5 19. Nxe5 Qd4 20. Be2 Qxe5 21. Bxh5 Nxe4 22. Nxe4 Bxe4 23. Qe2 Rac8 24. Rac1 Qf4 25. Rxc8 Rxc8 26. Re1 Rc1 27. Rxc1 Qxc1+ 28. Kh2 Qf4+ 29. Kg1 Bd5 30. Qd1 Qe5 31. Qd2 Qe4 32. Bf3 Qb1+ 33. Qd1 Qxd1+ 34. Bxd1 Kg7 35. g3 Kf6 36. f3 Ke5 37. Kf2 Be6 38. h4 gxh4 39. gxh4 Kf4 40. Be2 Bc4 41. Bd1 a5 42. Bc2 Bd5 43. Bd1 a4 44. Be2 Bc4 45. Bd1 Bd3 46. b3 b4 47. bxa4 bxa3 48. Bb3 Bb1 49. Bxf7 a2 50. Bxa2 Bxa2 51. a5 Bd5 52. a6 Bxf3 53. a7 h5 54. Kg1 Kg3 55. Kf1 Kxh4 56. Kf2 Kg4 57. Kg1 Kg3 58. Kf1 h4 0-1